Scariest Countries By Region - Statistics

General Stats
  • This quiz has been taken 39 times
  • The average score is 9 of 14
Answer Stats
Hint Answer % Correct
Europe Russia
83%
Middle East Iran
80%
Europe Ukraine
80%
Americas Mexico
77%
Americas Venezuela
70%
Middle East Yemen
70%
Africa Sudan
67%
Americas Haiti
63%
Africa Central African Republic
60%
Oceania Papua New Guinea
60%
Asia Myanmar
57%
Africa Ethiopia
50%
Asia Pakistan
50%
Africa Burkina Faso
40%
No matching quizzes found
Score Distribution
Percent of People with Each Score
Percentile by Number Answered
Your Score History
You have not taken this quiz